[Event "TCh-FIN"]
[Site "Finland FIN"]
[Date "2009.02.15"]
[Round "7"]
[White "Herranen,M"]
[Black "Niemi,M"]
[Result "0-1"]
[WhiteElo "2108"]
[BlackElo "2214"]

1.e4 g6 2.d4 Bg7 3.Nc3 d6 4.f4 a6 5.Nf3 b5 6.Bd3 Nd7 7.e5 Bb7 8.Ne4 c5 9.c3 Rc8
10.O-O Nh6 11.Be3 cxd4 12.cxd4 O-O 13.h3 Nb6 14.Bf2 Nd5 15.Qd2 Qd7 16.Rad1 Rfd8
17.Kh2 f6 18.Bb1 Nf7 19.exd6 exd6 20.Bg3 Nh6 21.Nh4 f5 22.Ng5 Re8 23.Rfe1 Bf6
24.Nhf3 Kg7 25.Bh4 Ng8 26.Ng1 Ba8 27.a3 Qb7 28.N5f3 Bxh4 29.Nxh4 Ngf6 30.Ngf3 Ne4
31.Bxe4 fxe4 32.Ng5 e3 33.Qe2 Nxf4 34.Qg4 Rc2 35.Nhf3 Rxg2+  0-1

[Event "2nd Pfalz Open"]
[Site "Neustadt an der Weinstrasse GER"]
[Date "2009.02.16"]
[Round "2"]
[White "Mamedov,Nid"]
[Black "Piasetski,L"]
[Result "1-0"]
[WhiteElo "2607"]
[BlackElo "2293"]

1.e4 d6 2.d4 g6 3.Nc3 Bg7 4.h3 a6 5.a4 b6 6.Nf3 Bb7 7.Bd3 Nc6 8.d5 Ne5 9.Nxe5 Bxe5
10.O-O Nf6 11.Bh6 Nd7 12.f4 Bf6 13.Qe2 Qb8 14.Kh2 Qa7 15.Ra3 Rg8 16.b4 O-O-O
17.a5 b5 18.Bxb5 axb5 19.Nxb5 Qb8 20.a6 Ba8 21.e5 Nxe5 22.fxe5 Bxe5+ 23.Bf4 f6
24.Qc4 Kd7 25.Bxe5 dxe5 26.Nc3 Qb6 27.Na4 Qd4 28.Qb5+ Kc8 29.c4 Qa7 30.Rd1 e6
31.c5 Rxd5 32.Rxd5 Bxd5 33.Nb6+ cxb6 34.cxb6 Qe7 35.b7+ Bxb7 36.axb7+ Qxb7
37.Qc5+  1-0

[Event "FSIM February"]
[Site "Budapest HUN"]
[Date "2009.02.17"]
[Round "11"]
[White "Kislik,E"]
[Black "Kahn,E"]
[Result "1-0"]
[WhiteElo "2310"]
[BlackElo "2290"]

1.e4 g6 2.d4 Bg7 3.Nc3 d6 4.f4 e6 5.Nf3 Ne7 6.Be3 Nd7 7.Qd2 c6 8.O-O-O b5
9.Kb1 b4 10.Ne2 a5 11.g4 Nf6 12.Ng3 Nxg4 13.Bg1 d5 14.Bg2 dxe4 15.Nxe4 Nd5
16.Ne5 Nxe5 17.fxe5 O-O 18.h4 a4 19.Be3 b3 20.c4 bxa2+ 21.Ka1 Nxe3 22.Qxe3 Ba6
23.h5 Bxc4 24.hxg6 fxg6 25.Nd6 Bd5 26.Bxd5 exd5 27.Qh3 h6 28.Qe6+ Kh7 29.Rdg1 g5
30.Nf5 Rxf5 31.Qxf5+ Kh8 32.Qg6 Ra7 33.Rxg5 a3 34.bxa3 Rb7 35.Kxa2 Qf8 36.Rf5 Qb8
37.Rxh6+ Bxh6 38.Qxh6+ Kg8 39.Rg5+  1-0

[Event "58th ch-BUL w"]
[Site "Dupnitsa BUL"]
[Date "2009.02.17"]
[Round "6"]
[White "Nikolova,A"]
[Black "Yordanova,S"]
[Result "1/2-1/2"]
[WhiteElo "2310"]
[BlackElo "2202"]

1.e4 g6 2.d4 Bg7 3.Nc3 d6 4.h3 a6 5.Nf3 Nf6 6.Be3 O-O 7.g4 b5 8.g5 Nfd7 9.a3 c5
10.Qd2 Bb7 11.d5 Nb6 12.h4 N8d7 13.h5 Re8 14.Rb1 Qc7 15.hxg6 hxg6 16.Bd3 e6
17.dxe6 Rxe6 18.Be2 Rd8 19.Rd1 Bxe4 20.Nxe4 Rxe4 21.Qxd6 Qxd6 22.Rxd6 Rde8
23.Nd2 R4e6 24.Rxe6 Rxe6 25.Bg4 Re7 26.b3 Bd4 27.Nf1 Ne5 28.Be2 Nd5 29.Kd2 Nc3
30.Bxd4 cxd4 31.Ng3  1/2-1/2

[Event "ch-VIE Stage1"]
[Site "Ha Noi VIE"]
[Date "2009.02.17"]
[Round "4"]
[White "Nguyen Anh Dung"]
[Black "Hoang Canh Huan"]
[Result "1/2-1/2"]
[WhiteElo "2500"]
[BlackElo "2378"]

1.d4 g6 2.e4 Bg7 3.Nc3 d6 4.Be3 a6 5.Nf3 Nd7 6.Bc4 e6 7.a4 b6 8.O-O Bb7 9.Re1 Ne7
10.Qd2 h6 11.h3 Nf6 12.Bf4 g5 13.Bh2 g4 14.hxg4 Nxg4 15.Bg3  1/2-1/2

[Event "ch-VIE Stage1"]
[Site "Ha Noi VIE"]
[Date "2009.02.20"]
[Round "8"]
[White "Tran Ngoc Lan"]
[Black "Hoang Canh Huan"]
[Result "0-1"]
[WhiteElo "2159"]
[BlackElo "2378"]

1.e4 g6 2.d4 Bg7 3.Nc3 d6 4.Be3 Nd7 5.Qd2 a6 6.a4 b6 7.Nf3 Bb7 8.Bd3 e6 9.O-O h6
10.h3 Ne7 11.Ne2 c5 12.c3 Nf6 13.Ng3 Qc7 14.Bc2 Rd8 15.Rad1 Nd7 16.Bf4 e5
17.Be3 Nc6 18.d5 Na5 19.b3 Bc8 20.Nh2 Kf8 21.f4 exf4 22.Bxf4 Ne5 23.Nf3 Nb7
24.Rf2 Kg8 25.Rdf1 Rf8 26.Ne2 b5 27.axb5 axb5 28.Ra1 Kh7 29.Nc1 Nxf3+ 30.Rxf3 b4
31.Ne2 c4 32.bxc4 Qxc4 33.Ra4 Qc5+ 34.Nd4 Bd7 35.Rxb4 Na5 36.Kh2 Nc4 37.Qe2 Ne5
38.Rg3 Rb8 39.Rxb8 Rxb8 40.Nf3 Nxf3+ 41.Rxf3 Kg8 42.Qf2 Qc7 43.Qg3 Rb6 44.Qe1 Rb2
45.Qc1 Qb6 46.Be3 Qb8 47.c4 g5 48.Bf2 Qb4 49.Bd3 g4 50.Be1 Qa3 51.Rf2 g3+
52.Kxg3 Qxd3+ 53.Kh2 Be5+ 54.Rf4 Rc2 55.Qb1 Bxf4+ 56.Kg1 Rxg2+  0-1

[Event "69th Noteboom Mem GpA"]
[Site "Leiden NED"]
[Date "2009.02.21"]
[Round "4"]
[White "Slingerland,F"]
[Black "Roobol,M"]
[Result "0-1"]
[WhiteElo "2399"]
[BlackElo "2329"]

1.e4 g6 2.d4 Bg7 3.Nc3 d6 4.f4 Nf6 5.a3 O-O 6.Nf3 b6 7.Bd3 Bb7 8.O-O c5 9.d5 Na6
10.Qe1 Nc7 11.Bd2 e6 12.dxe6 fxe6 13.Ng5 Qe7 14.Qh4 h6 15.Nf3 c4 16.Bxc4 d5
17.Be2 dxe4 18.Ne5 Qc5+ 19.Kh1 e3 20.Be1 g5 21.Qh3 gxf4 22.Ng6 e5 23.Nxf8 Rxf8
24.Rd1 Bc8 25.Qh4 Ne6 26.b4 Qc7 27.Bd3 Bb7 28.b5 Ng5 29.Be2 Qc8 30.Rd6 Qa8
31.Bc4+ Kh8 32.Nd5 Bxd5 33.Bxd5 Nxd5 34.c4 Nf6 35.Bc3 Qe4 36.Rfd1 e2 37.R1d3 f3
38.Qf2 Ng4  0-1

[Event "Masters"]
[Site "Bunratty IRL"]
[Date "2009.02.22"]
[Round "5"]
[White "Baker,CW"]
[Black "Wolferink,F"]
[Result "1-0"]
[WhiteElo "2351"]
[BlackElo "2130"]

1.e4 g6 2.d4 Bg7 3.Nc3 d6 4.Be3 a6 5.a4 b6 6.Nf3 Nd7 7.Bc4 e6 8.h3 Bb7 9.Qd2 h6
10.O-O Ne7 11.Rfe1 Kf8 12.Bb3 Kg8 13.Rad1 Kh7 14.Nh2 Qf8 15.f4 Rd8 16.Qf2 c5
17.Nf3 cxd4 18.Bxd4 Nc5 19.Ba2 Nc6 20.Bxg7 Qxg7 21.Qh4 Rhe8 22.Rd2 Rd7 23.Red1 Red8
24.Bc4 Nb4 25.Bd3 Nbxd3 26.cxd3 Nb3 27.Rf2 Nd4 28.Nxd4 Qxd4 29.Kh2 Rg8 30.Qg3 f5
31.Re2 g5 32.fxg5 Rxg5 33.Qf2 Qf6 34.Qxb6 Qe5+ 35.Kh1 Rdg7 36.Rf1 d5 37.exf5 Qg3
38.f6 Rf7 39.Qxe6 Kg6 40.Qe8 Qc7 41.Re7  1-0

[Event "81st ch-StP"]
[Site "St Petersburg RUS"]
[Date "2009.02.24"]
[Round "8"]
[White "Kislinsky,A"]
[Black "Solovjov,S"]
[Result "1/2-1/2"]
[WhiteElo "2468"]
[BlackElo "2410"]

1.e4 g6 2.d4 Bg7 3.Nc3 d6 4.Bg5 Nf6 5.Qd2 c6 6.f4 b5 7.Bd3 O-O 8.Nf3 Bg4
9.h3 Bxf3 10.gxf3 Nbd7 11.f5  1/2-1/2

[Event "TCh-AUT 2nd Bundesliga Ost 2008-9"]
[Site "Austria AUT"]
[Date "2009.02.28"]
[Round "8"]
[White "Videki,S"]
[Black "Blatny,P"]
[Result "1-0"]
[WhiteElo "2428"]
[BlackElo "2416"]

1.e4 g6 2.d4 d6 3.Nc3 Bg7 4.f4 e6 5.Nf3 Ne7 6.Be3 Nd7 7.Qd2 b6 8.O-O-O Bb7
9.Bd3 d5 10.e5 h5 11.h3 h4 12.Bf2 Nf5 13.Qe1 Bh6 14.Ne2 Ng3 15.Bxg3 hxg3
16.Qxg3 c5 17.c3 c4 18.Bc2 b5 19.h4 Qa5 20.h5 gxh5 21.Rxh5 O-O-O 22.Rdh1 Rhg8
23.Qf2 Bf8 24.a3 Bxa3 25.bxa3 Qxa3+ 26.Kd2 a5 27.Ng5 b4 28.Nxf7 b3 29.Nxd8 Qb2
30.Rc1 Rxd8 31.Ke3 a4 32.f5 exf5 33.Bxf5 Qa3 34.Rh7 Bc6 35.Rch1 Kc7 36.Qg3 Kb6
37.R1h6 Qf8 38.Qg6 Nb8 39.Rh8 Qxh8 40.Rxh8 Rxh8 41.Qd6 Kb7 42.Nf4 Na6 43.Nxd5 a3
44.Qe7+ Kb8 45.Nb4  1-0

[Event "25th Open"]
[Site "Cappelle la Grande FRA"]
[Date "2009.03.02"]
[Round "3"]
[White "Kuzubov,Y"]
[Black "Todorov,T"]
[Result "1-0"]
[WhiteElo "2626"]
[BlackElo "2163"]

1.d4 g6 2.e4 Bg7 3.Nc3 d6 4.Be3 a6 5.a4 Nf6 6.Be2 O-O 7.Nf3 b6 8.O-O Bb7
9.Nd2 e6 10.Re1 Nc6 11.Nb3 Qd7 12.Qd2 Ne7 13.f3 Rfd8 14.Bf1 Qe8 15.Qf2 d5
16.e5 Nd7 17.a5 Rdc8 18.Bd3 Nc6 19.f4 Qe7 20.h3 Rf8 21.Nd1 f6 22.Qd2 Qb4
23.Qe2 fxe5 24.fxe5 bxa5 25.Nc3 Nb6 26.Na2 Qe7 27.Nac1 Nc4 28.Bxc4 dxc4 29.Nc5 Nd8
30.Nxb7 Nxb7 31.Qxc4 Qd7 32.Nb3 Qb5 33.Qxe6+ Kh8 34.Nd2 c5 35.c3 cxd4 36.cxd4 Nd8
37.Qg4 Nc6 38.Ne4 Ne7 39.Ng5 Qxb2 40.Ne6 Nf5 41.Nxf8 Nxe3 42.Qe4 Qxg2+ 43.Qxg2 Nxg2
44.Nxg6+ hxg6 45.Kxg2 Bf8 46.d5 Bb4 47.Re4 Kg7 48.Rf1 Rd8 49.d6 Bc5 50.Rc1 Bb4
51.Rc7+ Kh6 52.e6 Rxd6 53.e7 Rd2+ 54.Kf3 Bxe7 55.Rcxe7 Rd1 56.Ra7 Rf1+ 57.Kg2 Rf6
58.Ra4 Rb6 59.Rxa5 Rb2+ 60.Kf1 Rb1+ 61.Ke2 Rb2+ 62.Kd1 Rh2 63.Ra3 Rg2 64.R7xa6 Kh5
65.Ra2 Rg1+ 66.Ke2 Rb1 67.Kf2 Rb8 68.R2a3 Rb2+ 69.Kg3 Rb1 70.R6a5+ Kh6 71.h4 Rg1+
72.Kf4 Rh1 73.Kg4 Rg1+ 74.Rg3 Rb1 75.Ra6 Rb8 76.Kh3 Rg8 77.Rg5 Rg7 78.Kg4 Kh7
79.h5 gxh5+ 80.Kxh5 Rb7 81.Rh6+  1-0

[Event "25th Open"]
[Site "Cappelle la Grande FRA"]
[Date "2009.03.02"]
[Round "4"]
[White "Hagesaether,E"]
[Black "McNab,C"]
[Result "1/2-1/2"]
[WhiteElo "2223"]
[BlackElo "2473"]

1.e4 g6 2.d4 d6 3.Nc3 Bg7 4.g3 Nc6 5.Be3 e5 6.dxe5 Nxe5 7.h3 Nf6 8.f4 Ned7
9.Nge2 O-O 10.Bg2 Re8 11.O-O Qe7 12.Bd4 c5 13.Bf2 Nb6 14.g4 Bd7 15.Ng3 Bc6
16.Qd3 Rad8 17.Rfe1 h6 18.a4 Nh7 19.a5 Nc8 20.a6 b6 21.Rab1 Qd7 22.b4 Bxc3
23.Qxc3 Bb5 24.Qa1 Ne7 25.bxc5 bxc5 26.e5 Bc6 27.exd6 Qxd6 28.Rbd1 Qc7 29.Rxd8 Rxd8
30.Qe5 Qxe5 31.Rxe5 Bxg2 32.Kxg2 Nd5 33.Kf3 f6 34.Re6 g5 35.f5 Nf8 36.Re1 Nd7
37.Ne4 Nb4 38.Nxc5 Ne5+ 39.Ke4 Nxc2 40.Rc1 Rd2 41.Bg1 Kf7 42.Nb3 Re2+ 43.Kd5 Nd3
44.Rd1 Re5+ 45.Kd6 Nb2 46.Rd5 Rxd5+ 47.Kxd5 Nb4+ 48.Ke4 Nxa6  1/2-1/2

[Event "25th Open"]
[Site "Cappelle la Grande FRA"]
[Date "2009.03.04"]
[Round "6"]
[White "Balogh,C"]
[Black "Todorov,T"]
[Result "1/2-1/2"]
[WhiteElo "2605"]
[BlackElo "2163"]

1.e4 g6 2.d4 Bg7 3.Nc3 d6 4.Bg5 c6 5.Qd2 b5 6.f4 b4 7.Nce2 Nf6 8.Ng3 O-O
9.Nf3 Bg4 10.h3 Bxf3 11.gxf3 c5 12.Rd1 cxd4 13.f5 Nc6 14.h4 Ne5 15.Be2 Qc7
16.h5 d5 17.f4 Nxe4 18.Nxe4 dxe4 19.fxe5 Qxe5 20.Qf4 Qxf4 21.Bxf4 gxf5 22.Rg1 Kh8
23.h6 Bf6 24.Bg5 Be5 25.Bxe7 Rfc8 26.Rg5 Rc7 27.Bxb4 Rxc2 28.Rxf5 f6 29.Be7 d3
30.Bxd3 exd3 31.Rxd3 Rxb2 32.Rd8+ Rxd8 33.Bxd8 Kg8 34.Bxf6 Bxf6 35.Rxf6 Rb6
36.Rf5 Rxh6 37.a4 Kg7 38.Ra5 a6 39.Kf2 Rf6+ 40.Kg3 Kf7 41.Rc5 Ke6 42.Rc7 h6
43.a5 Kd6 44.Rb7 Kc5 45.Rb8 Rc6 46.Kf4 Kc4 47.Rb6 Kd5 48.Rb8 Rf6+ 49.Kg4 Kc5
50.Rb7 Rd6 51.Rb8 Rd4+ 52.Kf3 h5 53.Ke3 Rd6 54.Kf4 h4 55.Rh8 Kb4 56.Ke3 Kxa5
57.Rxh4 Kb5 58.Ke2 a5 59.Rh1 Kb4 60.Rd1 Rc6 61.Kd2 Kb3 62.Rb1+ Ka3 63.Ra1+ Kb4
64.Rb1+ Ka4 65.Ra1+ Kb5 66.Rb1+ Ka6 67.Rc1 Rb6 68.Kc2 a4 69.Rb1 Rg6 70.Kb2 Ka5
71.Ka2 Rg2+ 72.Rb2 Rxb2+ 73.Kxb2  1/2-1/2

[Event "75th Ann Karaganda City"]
[Site "Karaganda KAZ"]
[Date "2009.03.05"]
[Round "7"]
[White "Khusnutdinov,R"]
[Black "Ismagambetov,An"]
[Result "1-0"]
[WhiteElo "2483"]
[BlackElo "2523"]

1.e4 g6 2.d4 Bg7 3.Nc3 d6 4.f4 a6 5.Nf3 Nd7 6.Bd3 b5 7.e5 Nh6 8.Be3 O-O 9.Qe2 c5
10.dxc5 Nxc5 11.Bxc5 dxc5 12.O-O-O Qa5 13.Kb1 Be6 14.Be4 Bc4 15.Qe1 Rad8
16.Bd5 Nf5 17.Bxc4 bxc4 18.Nd5 Qxe1 19.Rhxe1 e6 20.Nc3 Nd4 21.Nd2 Bh6 22.Rf1 Nb5
23.Nce4 c3 24.bxc3 Rb8 25.Kc1 Na3 26.h4 Rb5 27.Nd6 Ra5 28.c4 Rb8 29.Rf3 Rb4
30.g3 f6 31.Nb3 Raa4 32.Nxc5 Rb1+ 33.Kd2 Nxc4+ 34.Ke2 Rxd1 35.Kxd1 Ra5 36.Ncb7 Rd5+
37.Ke1 Na5 38.c4  1-0

[Event "Tancats de la Societat Coral C IM"]
[Site "Sabadell ESP"]
[Date "2009.03.06"]
[Round "7"]
[White "Tallo Dominguez,I"]
[Black "Burgos Figueroa,C"]
[Result "1-0"]
[WhiteElo "2087"]
[BlackElo "2263"]

1.e4 g6 2.d4 Bg7 3.Nc3 d6 4.Be3 a6 5.f3 Nd7 6.a4 b6 7.Bc4 e6 8.Nge2 Ne7 9.Qd2 h6
10.O-O Nf6 11.Nd1 d5 12.Bd3 Bb7 13.Nf2 Rc8 14.b4 Nd7 15.Rab1 e5 16.c3 h5
17.g4 hxg4 18.Nxg4 f5 19.exf5 gxf5 20.Nxe5 Nxe5 21.dxe5 Bxe5 22.Bf4 Qd6 23.Bxe5 Qxe5
24.Nd4 Kd7 25.Rbe1 Rcg8+ 26.Kh1 Qf6 27.Re6 Qg5 28.Qe2 Rg7 29.Re1 Rhh7 30.Re5 Qf4
31.Bxf5+ Nxf5 32.Rxf5  1-0

[Event "TCh-NED 2008-9"]
[Site "Netherlands NED"]
[Date "2009.03.07"]
[Round "6"]
[White "Bolwerk,P"]
[Black "Temmink,H"]
[Result "1/2-1/2"]
[WhiteElo "2282"]
[BlackElo "2230"]

1.e4 g6 2.d4 Bg7 3.Nc3 d6 4.Be3 a6 5.Qd2 Nd7 6.Nf3 h6 7.Bd3 e6 8.O-O Ne7
9.Rfe1 b6 10.Rad1 Bb7 11.h3 Qb8 12.Bf1 Kf8 13.Bf4 Qa7 14.Nh2 Kg8 15.Ng4 g5
16.Bh2 Ng6 17.Ne3 Rc8 18.a4 Qa8 19.f3 Kh7 20.Kh1 Rhf8 21.Ne2 f5 22.exf5 exf5
23.Qd3 f4 24.Ng4 Rce8 25.Nc3 h5 26.Nf2 Kh6 27.Qc4 Qd8 28.Bd3 Nf6 29.Rxe8 Rxe8
30.Bxg6 Kxg6 31.Qd3+ Kf7 32.Nfe4 Nxe4 33.Nxe4 d5 34.Nc3 Qf6 35.Bg1 Qg6 36.Qd2 Qf5
37.Ne2  1/2-1/2

[Event "TCh-AUT 2nd Bundesliga West 2008-9"]
[Site "Austria AUT"]
[Date "2009.03.08"]
[Round "11"]
[White "Platzgummer,F"]
[Black "Flatz,L"]
[Result "1-0"]
[WhiteElo "2200"]
[BlackElo "2129"]

1.d4 g6 2.e4 Bg7 3.Nc3 d6 4.f4 Nf6 5.a3 O-O 6.Nf3 c6 7.Bd3 e5 8.dxe5 dxe5
9.Nxe5 Nbd7 10.Nxd7 Bxd7 11.O-O Qb6+ 12.Kh1 Ng4 13.Qf3 Bd4 14.Nd1 Rad8 15.h3 h5
16.c3 Bc5 17.b4 Be7 18.c4 Bf6 19.c5 Qc7 20.e5 Nxe5 21.fxe5 Bxe5 22.Ra2 Bg4
23.hxg4 hxg4 24.Qe3 Rxd3 25.Qxd3 Rd8 26.Qe3 Bd4 27.Qf4 Be5 28.Qxg4 Rd4 29.Qg5 Bg3
30.Re2 Rh4+ 31.Kg1 Rh5 32.Re8+ Kh7 33.Qxg3 Qxg3  1-0

[Event "10th EICC w"]
[Site "St Petersburg RUS"]
[Date "2009.03.10"]
[Round "3"]
[White "Ambartsumova,K"]
[Black "Bakalarz,G"]
[Result "1-0"]
[WhiteElo "2227"]
[BlackElo "2024"]

1.e4 g6 2.d4 Bg7 3.Nc3 d6 4.Bg5 a6 5.a4 Nc6 6.d5 Ne5 7.Qd2 c6 8.a5 Nf6 9.f4 Ned7
10.dxc6 bxc6 11.Nf3 O-O 12.Bd3 Nc5 13.O-O Qc7 14.b4 Nxd3 15.cxd3 e5 16.fxe5 dxe5
17.Na4 Bg4 18.Rac1 Bxf3 19.Rxf3 Qd6 20.Qc3 Nh5 21.Nb6 Ra7 22.Be3 Nf4 23.Qd2 Qe6
24.d4 Rd8 25.d5 cxd5 26.Bxf4 exf4 27.exd5 Qe5 28.Rd3 Rb7 29.d6 f3 30.gxf3 Bf6
31.Re1 Qb5 32.Rd5 Qc6 33.d7 Rxb6 34.axb6 Qxb6+ 35.Kg2 Bh4 36.Re8+ Kg7 37.Qd4+ Qxd4
38.Rxd4 Bf6 39.Rxd8 Bxd8 40.Re4  1-0

[Event "10th EICC"]
[Site "Budva MNE"]
[Date "2009.03.12"]
[Round "7"]
[White "Atakisi,U"]
[Black "Novikov,St1"]
[Result "0-1"]
[WhiteElo "2393"]
[BlackElo "2523"]

1.e4 g6 2.d4 Bg7 3.Nc3 d6 4.Nf3 c6 5.Be3 b5 6.h3 Bb7 7.Qd2 Nd7 8.a4 b4 9.Ne2 c5
10.Ng3 Qc7 11.c3 Ngf6 12.Bd3 h5 13.Ng5 c4 14.Bb1 bxc3 15.bxc3 e5 16.O-O O-O
17.f4 Rae8 18.fxe5 dxe5 19.d5 Nc5 20.Qe2 Ba6 21.Bc2 Nd3 22.Qf3 Bc8 23.Bxd3 cxd3
24.Qf2 Qc4 25.Bxa7 Nh7 26.Nxh7 Kxh7 27.Qc5 Qa6 28.Qb6 h4 29.Nh1 f5 30.Nf2 Rf7
31.Qxa6 Bxa6 32.Bc5 Rc8 33.Bb4 Bh6 34.Ng4 Bf4  0-1

[Event "Copa Ajedrez Plus"]
[Site "Ramos Mejia ARG"]
[Date "2009.03.14"]
[Round "1"]
[White "Barrionuevo,P"]
[Black "Ginzburg,Ma"]
[Result "1-0"]
[WhiteElo "2327"]
[BlackElo "2455"]

1.e4 g6 2.d4 Bg7 3.Nc3 d6 4.f4 c5 5.dxc5 Bxc3+ 6.bxc3 dxc5 7.Qxd8+ Kxd8 8.Be3 b6
9.Nf3 f6 10.O-O-O+ Kc7 11.f5 Nc6 12.g4 e5 13.Be2 Bd7 14.Rhf1 h5 15.g5 gxf5
16.exf5 Nge7 17.Nh4 Ng8 18.g6 Rd8 19.Bc4 Nce7 20.Rg1 Bc6 21.Rxd8 Kxd8 22.Kd2 Bd5
23.Be2 Nh6 24.c4 Bg8 25.Bxh6 Rxh6 26.Ke3 Kc7 27.c3 Nc8 28.Nf3 Nd6 29.Nxe5 Nxf5+
30.Kf4 Ne7 31.Bd3 fxe5+ 32.Kg5 Rxg6+ 33.Bxg6 Bxc4 34.Bxh5 Kd6 35.h4 e4 36.Kf4 Nd5+
37.Kg5 Ke5 38.Bg4 e3 39.h5 Nxc3 40.h6 Bd3 41.Re1 Ne4+ 42.Kh4 Nf6 43.Rxe3+  1-0

[Event "10th EICC w"]
[Site "St Petersburg RUS"]
[Date "2009.03.14"]
[Round "7"]
[White "Zizlova,S"]
[Black "Cedikova,K"]
[Result "1-0"]
[WhiteElo "2020"]
[BlackElo "2150"]

1.e4 g6 2.d4 Bg7 3.Nc3 d6 4.Be3 a6 5.Nf3 Nd7 6.Bc4 e6 7.a4 b6 8.Qd2 h6 9.h3 Ne7
10.O-O Bb7 11.Bd3 d5 12.exd5 Nxd5 13.Nxd5 Bxd5 14.Qe2 O-O 15.Nd2 a5 16.Be4 Nf6
17.Bxd5 exd5 18.Nf3 Re8 19.Qd3 Qd6 20.Qa3 Qc6 21.Qd3 Ne4 22.Bf4 Re6 23.Ne5 Qb7
24.Ng4 Kh7 25.Be5 f6 26.Bf4 Rf8 27.f3 Nd6 28.Bxd6 Rxd6 29.f4 h5 30.Nh2 Qc8
31.f5 g5 32.Qe2 Qe8 33.Rae1 Qf7 34.Rf3 Rfd8 35.Re3 Bf8 36.Nf1 R6d7 37.Ng3 Kh6
38.Re6 Rd6 39.c3 h4 40.Nf1 Kg7 41.Nh2 Rxe6 42.fxe6 Qe7 43.Qg4 Kg8 44.Qf5 Bg7
45.Ng4 Rd6 46.Re2 c6 47.Qg6 Rxe6 48.Nh6+ Kf8 49.Nf5 Rxe2 50.Nxe7 Rxe7 51.Qf5 Re2
52.Qc8+ Kf7 53.Qc7+ Kg6 54.Qxb6 Bh6 55.Kf1 Rc2 56.Qxc6 Rxb2 57.Qxd5 g4 58.hxg4 Bg5
59.Qxa5 Rb1+ 60.Ke2 Rb2+ 61.Kf3 Rd2 62.Qf5+ Kh6 63.a5 Rd1 64.a6  1-0

[Event "10th EICC w"]
[Site "St Petersburg RUS"]
[Date "2009.03.14"]
[Round "7"]
[White "Efremova,D"]
[Black "Kluchik,J"]
[Result "0-1"]
[WhiteElo "1910"]
[BlackElo "1953"]

1.e4 g6 2.d4 Bg7 3.Nc3 d6 4.Bc4 Nf6 5.Be3 O-O 6.f3 c6 7.Qd2 d5 8.Bb3 dxe4
9.fxe4 Ng4 10.O-O-O Nxe3 11.Qxe3 b5 12.Nf3 Bg4 13.Rhf1 Bxf3 14.Rxf3 Nd7 15.g4 Qb6
16.Qf2 e6 17.g5 c5 18.dxc5 Nxc5 19.Qh4 Rfd8 20.Rdf1 b4 21.Ne2 Qd6 22.Qf4 Qxf4+
23.Rxf4 Rd7 24.h4 Rc8 25.Bc4 Rdc7 26.Kb1 Nxe4 27.Rxe4 Rxc4 28.Rxc4 Rxc4 29.Rh1 Re4
30.Nc1 h6 31.h5 gxh5 32.gxh6 Bxh6 33.Rxh5 Kg7 34.Nd3 Rg4 35.a3 bxa3 36.bxa3 f5
37.Kb2 Kg6 38.Rh1 Bg7+ 39.Kb3 e5 40.c4 Rg3 41.Kc2 Kf7 42.Rb1 e4 43.Rb7+ Kg8  0-1

[Event "10th EICC"]
[Site "Budva MNE"]
[Date "2009.03.15"]
[Round "9"]
[White "Matsenko,S"]
[Black "Novikov,St1"]
[Result "0-1"]
[WhiteElo "2429"]
[BlackElo "2523"]

1.e4 g6 2.d4 Bg7 3.Nc3 d6 4.f4 Nf6 5.Bd3 O-O 6.Nf3 Nc6 7.O-O Bg4 8.e5 dxe5
9.dxe5 Nd5 10.h3 Nxc3 11.bxc3 Bf5 12.Qe2 Qd7 13.Rd1 Rfd8 14.Rb1 b6 15.Ba3 Bxd3
16.cxd3 Qf5 17.Qe4 Qxe4 18.dxe4 e6 19.Nd4 Nxd4 20.cxd4 Rd7 21.d5 Rad8 22.d6 Bh6
23.Rf1 Bf8 24.dxc7 Rxc7 25.Bxf8 Kxf8 26.Rb2 Rc5 27.h4 Rd4 28.Re1 h5 29.Kf2 Ke7
30.Re3 Rcc4 31.Kf3 Kd8 32.Rbe2 a5 33.g3 b5 34.Rb2 b4 35.a3 Kc7 36.axb4 Rxb4
37.Rbe2 Rdc4 38.Rd2 a4 39.f5 exf5 40.exf5 gxf5 41.e6 fxe6 42.Rxe6 Rc3+ 43.Kf2 a3
44.Re5 Rb2 45.Rxb2 axb2 46.Rb5 Rc2+ 47.Ke3 Kc6 48.Rb3 Kc5 49.Kd3 Rf2 50.Kc3 Kd5  0-1

[Event "10th EICC"]
[Site "Budva MNE"]
[Date "2009.03.15"]
[Round "9"]
[White "Kovacevic,A"]
[Black "Hillarp Persson,T"]
[Result "1/2-1/2"]
[WhiteElo "2543"]
[BlackElo "2586"]

1.e4 g6 2.d4 Bg7 3.Nc3 d6 4.f4 a6 5.Nf3 b5 6.Bd3 Nd7 7.e5 c5 8.Be4 Rb8 9.O-O cxd4
10.Qxd4 Nh6 11.Qa7 O-O 12.Rd1 b4 13.Na4 Bb7 14.Bxb7 Qc7 15.exd6 exd6 16.Qxa6 Rxb7
17.Be3 Nf5 18.Bf2 Rbb8 19.g4 Ra8 20.Qd3 Nh6 21.Qxd6 Qxd6 22.Rxd6 Rxa4 23.Rxd7 Bxb2
24.Rb1 Bc3 25.g5 Nf5 26.Ra7 Rxa7 27.Bxa7 Ra8 28.Bc5 Ra5 29.Bxb4 Bxb4 30.Rxb4 Rxa2
31.Ne5 Rxc2 32.Rb8+ Kg7 33.Ng4 Rc6 34.Nf6 Rxf6 35.gxf6+ Kxf6 36.Kf2 h5 37.Kf3 Kg7
38.Ke4 Kf6 39.Rb6+ Kg7 40.h3 Nh6  1/2-1/2

[Event "10th EICC"]
[Site "Budva MNE"]
[Date "2009.03.16"]
[Round "10"]
[White "Cheparinov,I"]
[Black "Mamedov,Rau"]
[Result "1/2-1/2"]
[WhiteElo "2679"]
[BlackElo "2638"]

1.d4 g6 2.e4 Bg7 3.Nc3 d6 4.Be3 c6 5.Qd2 Nd7 6.f3 b5 7.h4 h5 8.Nh3 Nb6 9.b3 Nf6
10.Ng5 Qc7 11.Bd3 a6 12.a4 Rb8 13.axb5 axb5 14.Ne2 O-O 15.O-O e5 16.dxe5 dxe5
17.c4 bxc4 18.bxc4 Rd8 19.Qc2 Nh7 20.c5 Nd7 21.Bd2 Nxc5 22.Ba5 Qe7 23.Bxd8 Qxd8
24.Qxc5 Nxg5 25.Bc4 Ne6 26.Qf2 Rb4 27.Rfd1 Qf6 28.Ra8 Rxc4 29.Rxc8+ Bf8 30.Rc1 Rxc1+
31.Nxc1 Nf4 32.Kh2 Qe6 33.Ra8 Kg7 34.Ne2 Nxe2 35.Qxe2 Bc5 36.Qb2 Qf6 37.g3 Qd6
38.Rc8 Ba7 39.Qc3 Kh7 40.Ra8 Bc5 41.Ra2 Kg7 42.Rc2 Bd4 43.Qb3 Qd7 44.Kg2 Qa7
45.Ra2 Qc5 46.Qd1 Qc4 47.Rc2 Qb3 48.Rd2 Qb4 49.Rc2 c5 50.Qc1 Qb3 51.Rxc5 Bxc5
52.Qxc5  1/2-1/2

[Event "10th EICC"]
[Site "Budva MNE"]
[Date "2009.03.17"]
[Round "11"]
[White "Papp,P"]
[Black "Fugulyan,G"]
[Result "1-0"]
[WhiteElo "2134"]
[BlackElo "1978"]

1.e4 d6 2.d4 g6 3.Nc3 Bg7 4.f4 Nf6 5.Nf3 O-O 6.Bd3 c5 7.d5 b5 8.Nxb5 c4 9.Bxc4 Nxe4
10.c3 Nd7 11.Qe2 f5 12.Nbd4 Nb6 13.Bb5 Nxd5 14.Bc6 Nc7 15.Bxa8 Nxa8 16.O-O Nc7
17.Qc4+ Kh8 18.Rd1 Ba6 19.Qb3 e5 20.fxe5 dxe5 21.Nxf5 Qc8 22.Nxg7 Kxg7 23.Be3 Be2
24.Nxe5 Bxd1 25.Rxd1 Ne6 26.Rd7+ Kf6 27.Ng4+ Kf5 28.Qd5+ Kxg4 29.Qxe6+  1-0

[Event "10th EICC"]
[Site "Budva MNE"]
[Date "2009.03.17"]
[Round "11"]
[White "Berke,A"]
[Black "Medancic,R"]
[Result "0-1"]
[WhiteElo "2081"]
[BlackElo "2242"]

1.e4 g6 2.d4 Bg7 3.Nc3 d6 4.Nf3 a6 5.a4 b6 6.Be2 Bb7 7.O-O Nd7 8.Re1 e6 9.Bg5 Ne7
10.Qd2 h6 11.Be3 Nf6 12.e5 Nfd5 13.Nxd5 Nxd5 14.c4 Nxe3 15.Qxe3 O-O 16.Rad1 Qe7
17.Bd3 Bxf3 18.Qxf3 dxe5 19.dxe5 Qb4 20.h4 h5 21.g4 hxg4 22.Qxg4 Rad8 23.Re3 Qxa4
24.h5 Rd4 25.Qe2 Rfd8 26.hxg6 Rxc4 27.gxf7+ Kf8 28.Rg3 Rh4 29.b3 Qc6 30.f3 Rhd4
31.Qg2 Qc5  0-1

[Event "10th EICC"]
[Site "Budva MNE"]
[Date "2009.03.17"]
[Round "11"]
[White "Mijovic,S"]
[Black "Todorovic,GN"]
[Result "1/2-1/2"]
[WhiteElo "2300"]
[BlackElo "2389"]

1.e4 g6 2.d4 Bg7 3.Nc3 d6 4.g3 Nd7 5.Bg2 c5 6.Nge2 cxd4 7.Nxd4 Ngf6 8.O-O O-O
9.h3 a6 10.Be3 Qc7 11.Qe2 e5 12.Nb3 b5 13.f4 Bb7 14.f5 b4 15.Nd5 Nxd5 16.exd5 a5
17.c4 bxc3 18.Rfc1 e4 19.Bd4 Bxd4+ 20.Nxd4 Qb6 21.bxc3 Bxd5 22.Qg4 Qd8 23.Qf4 Nf6
24.c4 Qb6 25.Qe3 Bc6 26.Kh2 Qc5 27.Qc3 Nd7 28.Nxc6 Qxc6 29.Qd4 Nc5 30.h4 Rad8
31.h5 Qe8 32.Rf1 Qe5 33.Qe3 gxh5 34.Rad1 Qf6 35.Rf4 Rfe8 36.Qe2 Kh8 37.Qxh5 Re5
38.Rh4 Qxf5 39.Qxf5 Rxf5 40.Bxe4 Rf2+ 41.Kh3 Rxa2 42.Bxh7 Kg7 43.Be4 Nxe4
44.Rxe4 Rh8+ 45.Rh4 Rxh4+ 46.Kxh4 Ra4 47.Rd4 d5 48.Rxd5 Rxc4+ 49.g4 Ra4 50.Rd6 Ra1
51.Ra6 a4 52.Kg3 a3 53.Kg2 f6 54.Ra7+ Kg6 55.Ra5 a2 56.Kh2 Kf7 57.Ra6 Ke7
58.Kg2 Kd7 59.Kh2 Kc7 60.Kg2 Kb7 61.Ra3 Kc6 62.Ra5 Kb6 63.Ra8 Kc5 64.Ra4 Kb5
65.Ra8 Kc4 66.Ra7 Kd3 67.Ra3+ Ke4 68.Ra4+ Ke3 69.Ra3+ Kf4 70.Ra4+ Kg5 71.Kh2 Kh4
72.Kg2 Kg5 73.Kh2 Rb1 74.Rxa2 Kxg4 75.Ra4+ Kg5 76.Kg3 Rb3+ 77.Kf2 f5 78.Rc4 Rb2+
79.Kf3 Ra2 80.Rb4 Ra1 81.Kf2  1/2-1/2

[Event "10th EICC w"]
[Site "St Petersburg RUS"]
[Date "2009.03.17"]
[Round "9"]
[White "Komiagina,M"]
[Black "Lomakina,G"]
[Result "1-0"]
[WhiteElo "2283"]
[BlackElo "2058"]

1.e4 g6 2.d4 Bg7 3.Nc3 d6 4.Be3 c6 5.f4 Nf6 6.h3 b5 7.e5 Nfd7 8.a3 Bb7 9.Nf3 Nb6
10.e6 f6 11.f5 Qc8 12.Nh4 a6 13.Qg4 Kd8 14.fxg6 h5 15.Qf5 Nd5 16.Nxd5 cxd5
17.Bd3 Nc6 18.O-O Ke8 19.Rae1 Nd8 20.Bd2 Qc6 21.g4 hxg4 22.Qxg4 Bc8 23.Nf5 Kf8
24.Nxg7 Kxg7 25.h4 Qe8 26.h5 Qg8 27.Bf5 Nc6 28.Rf2 Rxh5 29.Qxh5 Nxd4 30.Qh6+  1-0

[Event "Copa Ajedrez Plus"]
[Site "Ramos Mejia ARG"]
[Date "2009.03.18"]
[Round "6"]
[White "Larrea,M"]
[Black "Mayorga,N"]
[Result "1/2-1/2"]
[WhiteElo "2276"]
[BlackElo "2306"]

1.e4 g6 2.d4 Bg7 3.Nc3 d6 4.f4 a6 5.a4 Nc6 6.Be3 Nf6 7.h3 O-O 8.Nf3 Nh5 9.g4 Ng3
10.Rg1 Nxf1 11.Kxf1 e5 12.f5 exd4 13.Nxd4 Qh4 14.Kg2 Re8 15.Nf3 Qe7 16.Bg5 Qd7
17.f6 Bh8 18.Nd5 h5 19.gxh5 Qxh3+ 20.Kf2 Rxe4 21.hxg6 fxg6 22.Nxc7 Qf5 23.Nxa8 Qc5+
24.Kg2 Bg4 25.Kh1 Nd4 26.Rxg4 Rxg4 27.Nxd4 Rxd4 28.Qe2 Qd5+ 29.Kh2 Re4 30.Qd3 Qe5+
31.Kh1 Bxf6 32.Bxf6 Qh5+ 33.Kg2 Re2+ 34.Kf1 Re6 35.Bd4 Qh1+ 36.Kf2 Qh2+ 37.Kf3 Qh3+
38.Kf2 Qh2+ 39.Kf1 Qh1+ 40.Kf2 Qh2+  1/2-1/2